[Event "Ruhrgebiet VK2 0405"]
[Site "Ruhrgebiet"]
[Date "2005.01.30"]
[Round "6.8"]
[White "Alesinsky, Michail"]
[Black "Doehmen, Katrin"]
[Result "0-1"]
[WhiteElo "1481"]
[BlackElo "1854"]
[PlyCount "86"]
[EventDate "2004.09.12"]
[EventType "team"]
[EventRounds "9"]
[EventCountry "GER"]
[SourceTitle "EXT 2006"]
[Source "ChessBase"]
[SourceDate "2005.11.24"]
[SourceVersion "1"]
[SourceVersionDate "2005.11.24"]
[SourceQuality "1"]
[WhiteTeam "Berghofen Wambel II"]
[BlackTeam "Holsterhausen II"]
[WhiteTeamCountry "GER"]
[BlackTeamCountry "GER"]

1. d4 d5 2. c4 c6 3. Nc3 Nf6 4. Nf3 a6 5. Bg5 dxc4 6. e3 b5 7. b4 Nd5 8. Nxd5 Qxd5 9. Be2 Bg4 10. Bh4 e6 11. Qd2 Bd6 12. 0-0 0-0 13. Rab1 Nd7 14. Ng5 Bxe2 15. Qxe2 Qf5 16. e4 Qg6 17. Nf3 Qh5 18. e5 Bc7 19. Qe4 Nb8 20. Be7 Re8 21. Bc5 a5 22. a3 Qf5 23. Qh4 axb4 24. axb4 Nd7 25. Qg3 Nxc5 26. bxc5 c3 27. Nh4 Qe4 28. Rb3 Qxd4 29. Rxc3 Bxe5 30. Rd3 Qxc5 31. Qf3 Bf6 32. Rfd1 Bxh4 33. Rd7 Bf6 34. Rc7 Qc3 35. Qxc6 Qxc6 36. Rxc6 b4 37. Rb6 Bc3 38. Rb7 Red8 39. Rf1 g6 40. g3 Rab8 41. Ra7 b3 42. Rb1 Rdc8 43. Ra3 b2 0-1